| 000 | 01899cpcaa2200373 a 4500 | ||
|---|---|---|---|
| 001 | mm2012085723 | ||
| 003 | DLC | ||
| 005 | 20260227111732.0 | ||
| 008 | 120105|||||||||||| eng | ||
| 010 | _amm2012085723 | ||
| 040 |
_aDLC _cDLC _edacs _dDLC |
||
| 072 | 7 |
_aW _2lcmd |
|
| 100 | 1 | _aVan Houten, Cornelius. | |
| 245 | 0 | 0 |
_aCornelius Van Houten correspondence, _f1865. |
| 300 |
_a8 _fitems. |
||
| 520 | 8 | _aALS (1865 April 27) written by Van Houten while serving with the 1st New Jersey Light Artillery to his father, Ralph Van Houten, pertaining to political affairs at the close of the Civil War. Van Houten discusses the surrenders of Joseph E. Johnston and Robert E. Lee, the assassination of Abraham Lincoln, punishment for Jefferson Davis, and other military and political leaders. Also includes a partial letter, a memorandum listing several men of his unit, and several covers. | |
| 506 | 0 | _aOpen to research. | |
| 545 | 0 | _aUnion Army soldier. | |
| 546 | _aCollection material in English. | ||
| 580 | _aForms part of: Miscellaneous Manuscripts collection. | ||
| 600 | 1 | 0 |
_aDavis, Jefferson, _d1808-1889. |
| 600 | 1 | 0 |
_aJohnston, Joseph E. _q(Joseph Eggleston), _d1807-1891. |
| 600 | 1 | 0 |
_aLee, Robert E. _q(Robert Edward), _d1807-1870. |
| 600 | 1 | 0 |
_aLincoln, Abraham, _d1809-1865 _xAssassination. |
| 600 | 1 | 0 |
_aVan Houten, Ralph _vCorrespondence. |
| 610 | 1 | 0 |
_aUnited States. _bArmy. _bNew Jersey Artillery Regiment, 1st (1861-1865) |
| 651 | 0 |
_aNew Jersey _xHistory _yCivil War, 1861-1865. |
|
| 651 | 0 |
_aUnited States _xHistory _yCivil War, 1861-1865. |
|
| 651 | 0 |
_aUnited States _xPolitics and government _y1861-1865. |
|
| 651 | 0 |
_aUnited States _xPolitics and government _y1865-1877. |
|
| 656 | 7 |
_aSoldiers. _2itoamc |
|
| 999 |
_c44879 _d44879 |
||